[Event "4NCL/Div1/BGR1 vs. MMO"]
[Site "Birmingham ENG"]
[Date "2001.11.25"]
[Round "4.1"]
[White "McShane, Luke J"]
[Black "Ledger, Andrew J"]
[Result "1/2-1/2"]
[WhiteElo "2531"]
[BlackElo "2399"]
[PlyCount "68"]
[EventDate "2001.11.25"]
[SourceDate "2001.01.01"]

1. e4 e6 2. d4 d5 3. Nd2 c5 4. Ngf3 cxd4 5. Nxd4 Nf6 6. exd5 Qxd5 7. N4f3 Nc6
8. a3 Be7 9. b4 O-O 10. Bb2 Ng4 11. Bd3 Bf6 12. Bxf6 Nxf6 13. Qe2 a5 14. c4 Qd7
15. b5 Nd4 16. Nxd4 Qxd4 17. O-O b6 18. Nb3 Qf4 19. g3 Qc7 20. a4 Bb7 21. Rac1
Nd7 22. c5 bxc5 23. Qc2 g6 24. Nxc5 Nxc5 25. Qxc5 Qd7 26. Qe3 Qd5 27. f3 Rac8
28. Be4 Qe5 29. Rxc8 Rxc8 30. Rc1 Rxc1+ 31. Qxc1 Qd4+ 32. Kf1 Bxe4 33. fxe4
Qxe4 34. Qc7 Qxa4 1/2-1/2

[Event "4NCL/Div1/BGR1 vs. MMO"]
[Site "Birmingham ENG"]
[Date "2001.11.25"]
[Round "4.2"]
[White "Pert, Nicholas"]
[Black "Summerscale, Aaron"]
[Result "1-0"]
[WhiteElo "2451"]
[BlackElo "2503"]
[PlyCount "49"]
[EventDate "2001.11.25"]
[SourceDate "2001.01.01"]

1. d4 Nf6 2. Nf3 d5 3. c4 e6 4. Nc3 dxc4 5. e4 Bb4 6. Bg5 b5 7. e5 h6 8. Bh4 g5
9. Nxg5 hxg5 10. Bxg5 Nbd7 11. a3 Bxc3+ 12. bxc3 Bb7 13. Be2 Bxg2 14. Rg1 Rxh2
15. Bf3 Bxf3 16. Qxf3 Rh8 17. Qc6 Kf8 18. exf6 Nb6 19. Bf4 Qd5 20. Qxc7 Nd7 21.
O-O-O Ke8 22. Rg3 Nxf6 23. Bd6 Nd7 24. Rdg1 Rf8 25. Rg8 1-0

[Event "4NCL/Div1/BGR1 vs. MMO"]
[Site "Birmingham ENG"]
[Date "2001.11.25"]
[Round "4.3"]
[White "Gallagher, Joseph G"]
[Black "Williams, Simon K"]
[Result "1-0"]
[WhiteElo "2511"]
[BlackElo "2288"]
[PlyCount "43"]
[EventDate "2001.11.25"]
[SourceDate "2001.01.01"]

1. e4 e6 2. d4 d5 3. Nc3 Bb4 4. e5 c5 5. dxc5 Nc6 6. Nf3 Bxc5 7. Bd3 f6 8. Qe2
fxe5 9. Nxe5 Nf6 10. Bf4 O-O 11. O-O a6 12. Rad1 Qe8 13. Nxc6 Qxc6 14. Be5 b5
15. Bxf6 gxf6 16. Qg4+ Kh8 17. Bxh7 Ra7 18. Bg6 Rg7 19. Rd3 Kg8 20. Rg3 Qb7 21.
Qh5 Rd8 22. Rh3 1-0

[Event "4NCL/Div1/BGR1 vs. MMO"]
[Site "Birmingham ENG"]
[Date "2001.11.25"]
[Round "4.4"]
[White "Eames, Robert G"]
[Black "Hebden, Mark L"]
[Result "0-1"]
[WhiteElo "2327"]
[BlackElo "2567"]
[PlyCount "60"]
[EventDate "2001.11.25"]
[SourceDate "2001.01.01"]

1. e4 e5 2. f4 exf4 3. Nf3 Be7 4. Nc3 Bh4+ 5. Ke2 c6 6. d4 d5 7. Qd2 dxe4 8.
Nxe4 Be7 9. Qxf4 Nh6 10. Kf2 f5 11. Nc3 Ng4+ 12. Kg1 O-O 13. Bc4+ Kh8 14. h3
Nf6 15. Ne5 Nd5 16. Qf3 Be6 17. Kh2 Nd7 18. Bxd5 Nxe5 19. dxe5 cxd5 20. Rd1 Qc7
21. Bf4 Rad8 22. Nxd5 Bxd5 23. Rxd5 g5 24. Bg3 g4 25. Qd3 f4 26. Be1 Rxd5 27.
Qxd5 Qxc2 28. Bc3 g3+ 29. Kh1 f3 30. e6+ Kg8 0-1

[Event "4NCL/Div1/BGR1 vs. MMO"]
[Site "Birmingham ENG"]
[Date "2001.11.25"]
[Round "4.5"]
[White "Hennigan, Michael T"]
[Black "Pert, Richard G"]
[Result "1/2-1/2"]
[WhiteElo "2451"]
[BlackElo "2302"]
[PlyCount "109"]
[EventDate "2001.11.25"]
[SourceDate "2001.01.01"]

1. g3 d5 2. Bg2 Nf6 3. d3 e5 4. Nf3 Nc6 5. O-O Be7 6. c4 O-O 7. cxd5 Nxd5 8. a3
a5 9. Nc3 Be6 10. Bd2 Nb6 11. Na4 Nxa4 12. Qxa4 Bf6 13. Rac1 h6 14. Rc5 Bd7 15.
Rd5 Qe7 16. Rc1 Rfd8 17. Qc2 Bg4 18. Rxd8+ Rxd8 19. Qb3 e4 20. dxe4 Bxf3 21.
Bxf3 Rxd2 22. Qxb7 Nd4 23. Rxc7 Nxf3+ 24. exf3 Qe6 25. Qa8+ Kh7 26. Qxa5 Rxb2
27. Qf5+ Qxf5 28. exf5 Bd4 29. Rxf7 Bxf2+ 30. Kh1 Bd4 31. Rd7 Bf6 32. f4 Rc2
33. Rd3 Kg8 34. Kg1 Ra2 35. g4 Be7 36. Rg3 Rxa3 37. Rxa3 Bxa3 38. Kg2 Kf7 39.
Kg3 Kf6 40. Kf3 Bb4 41. Ke4 Be1 42. Ke3 Bh4 43. Ke4 Ke7 44. Ke5 Bf6+ 45. Kd5
Kd7 46. Kc5 Be7+ 47. Kd5 Bd8 48. h3 Bh4 49. Ke5 Bf6+ 50. Kd5 Bd8 51. Ke5 Bf6+
52. Kd5 Bh4 53. Ke5 Ke7 54. Kd5 Kf6 55. Ke4 1/2-1/2

[Event "4NCL/Div1/BGR1 vs. MMO"]
[Site "Birmingham ENG"]
[Date "2001.11.25"]
[Round "4.6"]
[White "Naylor, John"]
[Black "Cherniaev, Alexander"]
[Result "0-1"]
[WhiteElo "2229"]
[BlackElo "2457"]
[PlyCount "80"]
[EventDate "2001.11.25"]
[SourceDate "2001.01.01"]

1. e4 c5 2. Nf3 Nc6 3. Bb5 g6 4. O-O Bg7 5. c3 Nf6 6. d4 cxd4 7. cxd4 Nxe4 8.
d5 Nd6 9. Bd3 Nb4 10. Nc3 Nxd3 11. Qxd3 O-O 12. Re1 b6 13. Bg5 Re8 14. h4 a5
15. Rad1 Ba6 16. Qb1 Rc8 17. h5 Bf6 18. Bxf6 exf6 19. Rxe8+ Qxe8 20. Re1 Qf8
21. Qc1 Re8 22. Rxe8 Qxe8 23. Qf4 Qe7 24. h6 b5 25. a3 f5 26. Qd4 f6 27. Qb6 b4
28. axb4 axb4 29. Qxb4 Kf7 30. Qc5 g5 31. Qb6 Bc4 32. b3 g4 33. bxc4 gxf3 34.
Qd4 Qe1+ 35. Kh2 Qf1 36. gxf3 Nxc4 37. d6 Ne5 38. Qd5+ Kg6 39. Qg8+ Kxh6 40.
Qg3 Qd3 0-1

[Event "4NCL/Div1/BGR1 vs. MMO"]
[Site "Birmingham ENG"]
[Date "2001.11.25"]
[Round "4.7"]
[White "Cooper, Lawrence"]
[Black "Ledger, Stephen C"]
[Result "1/2-1/2"]
[WhiteElo "2362"]
[BlackElo "2130"]
[PlyCount "45"]
[EventDate "2001.11.25"]
[SourceDate "2001.01.01"]

1. e4 c5 2. Nf3 Nc6 3. d4 cxd4 4. Nxd4 e5 5. Nb5 a6 6. Nd6+ Bxd6 7. Qxd6 Qf6 8.
Qd1 Qg6 9. Nc3 d5 10. Nxd5 Qxe4+ 11. Be3 Nd4 12. Nc7+ Ke7 13. Qd3 Nxc2+ 14. Kd2
Qxd3+ 15. Bxd3 Nxe3 16. Nxa8 Nd5 17. Rac1 Ngf6 18. Nc7 Nb4 19. a3 Nxd3 20. Kxd3
Bf5+ 21. Ke2 Be4 22. f3 Bc6 23. Rxc6 1/2-1/2

[Event "4NCL/Div1/BGR1 vs. MMO"]
[Site "Birmingham ENG"]
[Date "2001.11.25"]
[Round "4.8"]
[White "Tidman, Sophie"]
[Black "Sheldon, Ruth"]
[Result "1-0"]
[WhiteElo "2119"]
[BlackElo "2310"]
[PlyCount "69"]
[EventDate "2001.11.25"]
[SourceDate "2001.01.01"]

1. e4 c5 2. Nf3 e6 3. d4 cxd4 4. Nxd4 Nc6 5. Nc3 Qc7 6. f4 a6 7. Nxc6 Qxc6 8.
Bd3 Nf6 9. Qe2 Bb4 10. Bd2 d6 11. O-O-O Qc7 12. g4 Nd7 13. Kb1 Bc5 14. Rde1 O-O
15. g5 Bd4 16. h4 Nc5 17. h5 b5 18. g6 Nxd3 19. Qxd3 Qc4 20. gxh7+ Kh8 21. Qg3
Ra7 22. h6 g6 23. e5 Rc7 24. Qg5 Kxh7 25. Qf6 Rg8 26. Rc1 Bb7 27. Rh2 dxe5 28.
Ne2 Be4 29. fxe5 b4 30. Nxd4 {(=)} 30... Qxd4 31. Bg5 a5 32. Rd2 Qc5 33. Rd8
Bxc2+ 34. Ka1 Rc8 35. Qxf7+ 1-0

[Event "4NCL/Div1/WES vs. BAR2"]
[Site "Birmingham ENG"]
[Date "2001.11.25"]
[Round "4.1"]
[White "Poulton, James"]
[Black "Dishman, Stephen"]
[Result "1-0"]
[WhiteElo "2409"]
[BlackElo "2323"]
[PlyCount "86"]
[EventDate "2001.11.25"]
[SourceDate "2001.01.01"]

1. d4 Nf6 2. c4 e6 3. Nf3 d5 4. Bg5 Be7 5. e3 h6 6. Bh4 O-O 7. cxd5 Nxd5 8.
Bxe7 Qxe7 9. e4 Nf4 10. Na3 c5 11. Qc1 Ng6 12. Qxc5 Qxc5 13. dxc5 Na6 14. Bxa6
bxa6 15. Nc4 Rb8 16. O-O Rb4 17. Nd6 Bd7 18. Rac1 Bc6 19. Rc2 Rfb8 20. b3 Bxe4
21. Nxe4 Rxe4 22. Rd1 Ne5 23. Nxe5 Rxe5 24. f4 Rd5 25. Rxd5 exd5 26. Kf2 Kf8
27. Ke3 Ke7 28. Kd4 Rb4+ 29. Kxd5 Rxf4 30. Kc6 Kd8 31. Kb7 Rb4+ 32. Kxa7 Kc7
33. Kxa6 Kc6 34. Ka5 Rb7 35. Ka4 Ra7+ 36. Kb4 Re7 37. Kc4 Re4+ 38. Kd3 f5 39.
a3 g5 40. b4 h5 41. Rf2 Re5 42. Re2 Rd5+ 43. Kc4 Rd1 1-0

[Event "4NCL/Div1/WES vs. BAR2"]
[Site "Birmingham ENG"]
[Date "2001.11.25"]
[Round "4.3"]
[White "Corkett, Anthony R"]
[Black "Shikerov, Stefan"]
[Result "0-1"]
[WhiteElo "2300"]
[BlackElo "2298"]
[PlyCount "176"]
[EventDate "2001.11.25"]
[SourceDate "2001.01.01"]

1. e4 d5 2. Nc3 d4 3. Nce2 e5 4. Ng3 Be6 5. Nf3 Nd7 6. c3 c5 7. Bb5 f6 8. O-O
a6 9. Be2 Ne7 10. b4 Nc6 11. cxd4 cxd4 12. a3 g6 13. d3 Bg7 14. Bd2 O-O 15. Qb1
Qe7 16. Bd1 Qf7 17. b5 axb5 18. Qxb5 Rfc8 19. Ne2 Bf8 20. a4 Nc5 21. Nc1 Ra6
22. Ne1 Rca8 23. f4 Qc7 24. Rb1 Na7 25. Qb2 Nxa4 26. Bxa4 Rxa4 27. fxe5 fxe5
28. Qxb7 Qxb7 29. Rxb7 Nc6 30. Nf3 R4a7 31. Rb6 Ra6 32. Rb7 Nd8 33. Rb5 Bd7 34.
Rxe5 Nf7 35. Rd5 Bc6 36. Rxd4 Bc5 37. Bb4 Ba7 38. Kh1 Bxd4 39. Nxd4 Rd8 40.
Nxc6 Rxc6 41. Bd2 Ne5 42. Bh6 Ng4 43. Bg5 Rf8 44. Rxf8+ Kxf8 45. h3 h6 46. Bf4
Rf6 47. Ne2 Nf2+ 48. Kg1 Nxd3 49. Bxh6+ Kf7 50. Nd4 Ra6 51. Nf3 Ra2 52. Bd2 Ke6
53. Bh6 Nc5 54. Be3 Nxe4 55. Ng5+ Kf5 56. Nxe4 Kxe4 57. Bg5 Kd3 58. h4 Ke2 59.
Be7 Ra7 60. Bd6 Ra4 61. Be7 Ra7 62. Bf6 Rb7 63. Kh2 Kf2 64. Bd4+ Kf1 65. Kh3
Rb3+ 66. g3 Ke2 67. Be5 Kf3 68. Bf4 Rb1 69. Kh2 Kg4 70. Kg2 Rb2+ 71. Kg1 Ra2
72. Kf1 Kh3 73. Kg1 Kg4 74. Kf1 Kf3 75. Kg1 Rb2 76. Kh1 Rg2 77. Bc7 Kf2 78. Bf4
Kf1 79. Bc7 Rc2 80. Bf4 Re2 81. Bg5 Kf2 82. Bf4 g5 83. hxg5 Re8 84. g4 Re4 85.
Bd6 Rxg4 86. Bc5+ Kf1 87. Bd6 Rxg5 88. Bc7 Kf2 {0-1, Time, 113.} 0-1

[Event "4NCL/Div1/WES vs. BAR2"]
[Site "Birmingham ENG"]
[Date "2001.11.25"]
[Round "4.4"]
[White "Duncan, Christopher R"]
[Black "Upton, Ian J"]
[Result "1-0"]
[WhiteElo "2336"]
[BlackElo "2238"]
[PlyCount "77"]
[EventDate "2001.11.25"]
[SourceDate "2001.01.01"]

1. c4 f5 2. g3 Nf6 3. Bg2 e5 4. Nc3 Bb4 5. Nd5 Nxd5 6. cxd5 c5 7. a3 Ba5 8. b4
cxb4 9. Nf3 d6 10. O-O O-O 11. d3 Na6 12. Nd2 bxa3 13. Bxa3 Kh8 14. Bxd6 Re8
15. Ba3 Bxd2 16. Qxd2 Nc7 17. e4 Nb5 18. Bb2 Qb6 19. Kh1 a5 20. f4 Nd4 21. fxe5
Nb3 22. Qc3 Nxa1 23. e6 Rg8 24. Bxa1 Bxe6 25. dxe6 fxe4 26. Bxe4 Qxe6 27. Bxb7
Ra7 28. Be4 a4 29. Qc5 Rf7 30. Rc1 Qh3 31. Bg2 Qd7 32. Qh5 Rf5 33. Qe2 Rf7 34.
Be4 Rc8 35. Re1 Qh3 36. Bg2 Qd7 37. Qh5 Kg8 38. Be4 g6 39. Bxg6 1-0

[Event "4NCL/Div1/WES vs. BAR2"]
[Site "Birmingham ENG"]
[Date "2001.11.25"]
[Round "4.5"]
[White "Yeo, Michael J"]
[Black "Hodgson, John H"]
[Result "1/2-1/2"]
[WhiteElo "2217"]
[BlackElo "2297"]
[PlyCount "60"]
[EventDate "2001.11.25"]
[SourceDate "2001.01.01"]

1. e4 c5 2. Nf3 d6 3. d4 cxd4 4. Nxd4 Nf6 5. Nc3 g6 6. Be3 Bg7 7. f3 Nc6 8. Bc4
O-O 9. Qd2 Bd7 10. h4 h5 11. O-O-O Rc8 12. Bb3 Ne5 13. g4 hxg4 14. h5 Nxh5 15.
Bh6 e6 16. Rdg1 Qf6 17. Bxg7 Qxg7 18. fxg4 Nf6 19. g5 Nh5 20. Rh3 Nc4 21. Bxc4
Rxc4 22. Rd3 Rfc8 23. Nb3 Qe5 24. Rxd6 Be8 25. Rd8 Qf4 26. Qxf4 Nxf4 27. Rxc8
Rxc8 28. Kd2 Kf8 29. Ke3 Nh5 30. Nd4 Rc5 1/2-1/2

[Event "4NCL/Div1/WES vs. BAR2"]
[Site "Birmingham ENG"]
[Date "2001.11.25"]
[Round "4.6"]
[White "D'Costa, Lorin A.R"]
[Black "Willmoth, Robert"]
[Result "0-1"]
[WhiteElo "2210"]
[BlackElo "2169"]
[PlyCount "80"]
[EventDate "2001.11.25"]
[SourceDate "2001.01.01"]

1. d4 d6 2. Nf3 Bg4 3. e4 Nf6 4. Nc3 c6 5. h3 Bh5 6. Qe2 e6 7. g4 Bg6 8. Bg5
Be7 9. Bxf6 Bxf6 10. h4 h5 11. g5 Be7 12. O-O-O Nd7 13. Bh3 d5 14. exd5 cxd5
15. Rhe1 Rc8 16. Rd2 Rc6 17. Qb5 Rb6 18. Qa4 a6 19. a3 Rc6 20. Qb3 O-O 21. Bf1
b5 22. Bd3 {(=)} 22... Bxd3 23. Rxd3 g6 24. Kb1 Bd6 25. Na2 Qb6 26. Rd2 Rfc8
27. Qd3 Bf4 28. Rde2 Kg7 29. c3 a5 30. Nd2 Bd6 31. b4 Ra8 32. Nb3 axb4 33. axb4
Qa7 34. Nbc1 Ra6 35. Qxb5 Bf4 36. Rb2 Nb6 37. Qe2 Nc4 38. b5 Rb6 39. Rb3 Nd2+
40. Kc2 Nxb3 0-1

[Event "4NCL/Div1/WES vs. BAR2"]
[Site "Birmingham ENG"]
[Date "2001.11.25"]
[Round "4.7"]
[White "Neil, David R"]
[Black "Berry, Neil"]
[Result "0-1"]
[WhiteElo "2222"]
[BlackElo "2255"]
[PlyCount "71"]
[EventDate "2001.11.25"]
[SourceDate "2001.01.01"]

1. e4 e6 2. d3 d5 3. Nd2 c5 4. Ngf3 Nc6 5. g3 Nf6 6. Bg2 Be7 7. O-O O-O 8. Re1
b5 9. e5 Nd7 10. Nf1 a5 11. h4 b4 12. h5 a4 13. Bf4 Ba6 14. Ne3 a3 15. b3 Rc8
16. Qd2 Nd4 17. Rad1 Nb5 18. Ng4 Nc3 19. Ra1 c4 20. dxc4 dxc4 21. Bg5 cxb3 22.
cxb3 Nc5 23. Bxe7 Qxe7 24. h6 Rfd8 25. Qf4 Nd3 26. Nf6+ Qxf6 27. exf6 Nxf4 28.
gxf4 gxf6 29. Bf1 Bb7 30. Bg2 Rc5 31. Nh2 Bxg2 32. Kxg2 Rf5 33. Kf3 Rd4 34.
Rg1+ Kf8 35. Rg7 Rdxf4+ 36. Kg3 0-1

[Event "4NCL/Div1/WES vs. BAR2"]
[Site "Birmingham ENG"]
[Date "2001.11.25"]
[Round "4.8"]
[White "Regan, Natasha"]
[Black "Howard, Emily"]
[Result "1-0"]
[WhiteElo "2185"]
[BlackElo "2017"]
[PlyCount "47"]
[EventDate "2001.11.25"]
[SourceDate "2001.01.01"]

1. f4 d5 2. Nf3 Nf6 3. g3 Bf5 4. Bg2 e6 5. d3 h6 6. O-O Bc5+ 7. e3 O-O 8. Ne5
Nbd7 9. g4 Bh7 10. g5 hxg5 11. fxg5 Ne8 12. Nf3 Be7 13. Nc3 Nd6 14. Qe1 c5 15.
e4 d4 16. Ne2 Rc8 17. Qg3 Bg6 18. Qg4 Qe8 19. Nf4 e5 20. Nxg6 fxg6 21. Qe6+ Nf7
22. Bh3 Rd8 23. Nh4 Nb6 24. Nxg6 1-0

[Event "4NCL/Div1/GUI1 vs. WRO1"]
[Site "Birmingham ENG"]
[Date "2001.11.25"]
[Round "4.1"]
[White "Plaskett, James"]
[Black "Arkell, Keith C"]
[Result "1/2-1/2"]
[WhiteElo "2474"]
[BlackElo "2457"]
[PlyCount "29"]
[EventDate "2001.11.25"]
[SourceDate "2001.01.01"]

1. Nf3 Nf6 2. d4 e6 3. e3 d5 4. c4 Be7 5. Nc3 O-O 6. cxd5 exd5 7. Bd3 Re8 8.
O-O Bg4 9. Qb3 Bxf3 10. gxf3 b6 11. Bd2 c6 12. Kh1 Nbd7 13. e4 dxe4 14. Bc4 Rf8
15. Nxe4 1/2-1/2

[Event "4NCL/Div1/GUI1 vs. WRO1"]
[Site "Birmingham ENG"]
[Date "2001.11.25"]
[Round "4.2"]
[White "Dunnington, Angus J"]
[Black "Rowson, Jonathan"]
[Result "1/2-1/2"]
[WhiteElo "2382"]
[BlackElo "2512"]
[PlyCount "46"]
[EventDate "2001.11.25"]
[SourceDate "2001.01.01"]

1. e4 c5 2. Nc3 Nc6 3. Bb5 Nd4 4. Bc4 a6 5. a4 e6 6. Nf3 Ne7 7. O-O Nec6 8. d3
g6 9. Nxd4 cxd4 10. Ne2 Bg7 11. c3 d5 12. exd5 exd5 13. Ba2 O-O 14. Nxd4 Nxd4
15. cxd4 Bxd4 16. Qb3 Be6 17. Qxb7 Qa5 18. Bf4 Qxa4 19. Bc4 Qc2 20. Bxd5 Ra7
21. Qc6 Qxc6 22. Bxc6 Rc8 23. Ra4 Bxf2+ 1/2-1/2

[Event "4NCL/Div1/GUI1 vs. WRO1"]
[Site "Birmingham ENG"]
[Date "2001.11.25"]
[Round "4.3"]
[White "Kosten, Anthony C"]
[Black "Kirsanov, Oleg"]
[Result "1-0"]
[WhiteElo "2533"]
[BlackElo "2358"]
[PlyCount "77"]
[EventDate "2001.11.25"]
[SourceDate "2001.01.01"]

1. c4 e5 2. Nc3 Nc6 3. g3 Nf6 4. Bg2 g6 5. e3 Bg7 6. Nge2 d6 7. d3 O-O 8. O-O
Re8 9. Rb1 Ne7 10. e4 c5 11. a3 Nc6 12. b4 b6 13. f4 Bg4 14. h3 Bxe2 15. Nxe2
Nd7 16. f5 Nd4 17. Nxd4 cxd4 18. h4 a5 19. Bh3 axb4 20. axb4 Nf8 21. Qf3 f6 22.
fxg6 hxg6 23. h5 Qe7 24. hxg6 Nxg6 25. Bf5 Qf7 26. Bg4 Ra2 27. Bh5 Kh7 28. g4
Rg8 29. Qf5 Qe8 30. Rf3 Bh8 31. Rh3 Kg7 32. Bxg6 Qxg6 33. Bh6+ Qxh6 34. Rxh6
Kxh6 35. Qh5+ Kg7 36. c5 Rc8 37. cxb6 Kg8 38. b7 Rb8 39. Rc1 1-0

[Event "4NCL/Div1/GUI1 vs. WRO1"]
[Site "Birmingham ENG"]
[Date "2001.11.25"]
[Round "4.4"]
[White "Dunworth, Christopher"]
[Black "Gormally, Daniel W"]
[Result "0-1"]
[WhiteElo "2285"]
[BlackElo "2505"]
[PlyCount "38"]
[EventDate "2001.11.25"]
[SourceDate "2001.01.01"]

1. d4 Nf6 2. Bg5 e6 3. e4 c5 4. d5 Qb6 5. Bxf6 gxf6 6. Qc1 Bg7 7. c3 f5 8. Na3
fxe4 9. Nc4 Qc7 10. Qg5 O-O 11. d6 Qc6 12. Rd1 b5 13. Ne5 Qb6 14. Ng4 Kh8 15.
Nh6 Nc6 16. Qh5 Ne5 17. f4 c4 18. Ke2 Nd3 19. Nh3 Qf2+ 0-1

[Event "4NCL/Div1/GUI1 vs. WRO1"]
[Site "Birmingham ENG"]
[Date "2001.11.25"]
[Round "4.5"]
[White "Matros, Alexander"]
[Black "Gayson, Peter M"]
[Result "1/2-1/2"]
[WhiteElo "2455"]
[BlackElo "2281"]
[PlyCount "72"]
[EventDate "2001.11.25"]
[SourceDate "2001.01.01"]

1. d4 f5 2. c4 d6 3. Nf3 Nf6 4. g3 g6 5. b4 Bg7 6. Bb2 O-O 7. Bg2 e5 8. dxe5
Ng4 9. O-O Nc6 10. Qb3 Ngxe5 11. c5+ Kh8 12. Nxe5 dxe5 13. e3 e4 14. Bxg7+ Kxg7
15. Nc3 Qf6 16. Nd5 Qe5 17. b5 Be6 18. Rfd1 Rfd8 19. bxc6 bxc6 20. Qa4 Rxd5 21.
Qxc6 {(=)} 21... Rad8 22. Qa4 Rxd1+ 23. Rxd1 Rxd1+ 24. Qxd1 Qxc5 25. Bf1 Qc3
26. Qa4 a5 27. a3 Bf7 28. h4 c5 29. Kg2 Bb3 30. Qd7+ Bf7 31. Bb5 c4 32. Qc7
Qxa3 33. Bxc4 Qf8 34. Qe5+ Kg8 35. Bxf7+ Qxf7 36. Qxa5 h5 1/2-1/2

[Event "4NCL/Div1/GUI1 vs. WRO1"]
[Site "Birmingham ENG"]
[Date "2001.11.25"]
[Round "4.6"]
[White "Barrett, Steve J"]
[Black "Povah, Nigel E"]
[Result "0-1"]
[WhiteElo "2199"]
[BlackElo "2351"]
[PlyCount "75"]
[EventDate "2001.11.25"]
[SourceDate "2001.01.01"]

1. d4 Nf6 2. c4 e6 3. Nc3 c5 4. d5 exd5 5. cxd5 d6 6. e4 g6 7. f4 Bg7 8. Nf3
O-O 9. Be2 Bg4 10. O-O Nbd7 11. h3 Bxf3 12. Bxf3 Re8 13. Re1 Qa5 14. g4 h6 15.
h4 c4 16. g5 hxg5 17. hxg5 Nh7 18. Bg4 Nc5 19. e5 Nd3 20. e6 Qc5+ 21. Be3 Bd4
22. exf7+ Kg7 23. fxe8=Q Rxe8 24. Qf3 Bxe3+ 25. Kg2 Nxf4+ 26. Qxf4 Bxf4 27.
Rxe8 Nxg5 28. Rf1 Qd4 29. Be6 Qd2+ 30. Rf2 Qe3 31. Re7+ Kh6 32. Rxb7 Qg3+ 33.
Kf1 Be3 34. Rf3 Qe5 35. Bc8 Bd4 36. Ne2 Be3 37. Nc3 Bc5 38. Ne2 {0-1, Time.}
0-1

[Event "4NCL/Div1/GUI1 vs. WRO1"]
[Site "Birmingham ENG"]
[Date "2001.11.25"]
[Round "4.7"]
[White "Granat, Russell G"]
[Black "Jones, Gawain C.B"]
[Result "1/2-1/2"]
[WhiteElo "2243"]
[BlackElo "2216"]
[PlyCount "128"]
[EventDate "2001.11.25"]
[SourceDate "2001.01.01"]

1. e4 c5 2. Nf3 d6 3. d4 cxd4 4. Nxd4 Nf6 5. Nc3 g6 6. Be2 Bg7 7. O-O O-O 8.
Be3 Nc6 9. h3 d5 10. exd5 Nxd5 11. Nxd5 Nxd4 12. Bxd4 Qxd5 13. Bxg7 Qxd1 14.
Raxd1 Kxg7 15. Rfe1 Be6 16. Bg4 Bxg4 17. hxg4 Rfe8 18. Rd7 b5 19. Rexe7 Rxe7
20. Rxe7 a6 21. Rc7 Rd8 22. Rc6 Rd1+ 23. Kh2 Rc1 24. Kg3 a5 25. a3 a4 26. Rc5
b4 27. Rc4 bxa3 28. bxa3 h5 29. gxh5 gxh5 30. Kf3 Kf6 31. g3 Kg5 32. Ke2 f5 33.
Kf3 Ra1 34. Rxa4 Ra2 35. c3 Ra1 36. Ra6 Rc1 37. Rc6 Ra1 38. Kg2 f4 39. Rc5+ Kg6
40. gxf4 Rxa3 41. c4 Rc3 42. Rg5+ Kh6 43. c5 Rc4 44. Kg3 h4+ 45. Kg4 h3 46.
Rh5+ Kg6 47. Rxh3 Rxc5 48. Ra3 Rc2 49. Ra6+ Kg7 50. f3 Rg2+ 51. Kf5 Rf2 52. Ke4
Re2+ 53. Kd4 Kf7 54. Kd3 Re1 55. Ra4 Kf6 56. Re4 Ra1 57. Re5 Ra2 {(=)} 58. Ke3
Rb2 59. Rd5 Ra2 60. f5 Ra3+ 61. Kf4 Ra4+ 62. Kg3 Rb4 63. f4 Rb1 64. Kf3 Rf1+
1/2-1/2

[Event "4NCL/Div1/GUI1 vs. WRO1"]
[Site "Birmingham ENG"]
[Date "2001.11.25"]
[Round "4.8"]
[White "Forbes, Cathy"]
[Black "Yurenok, Maria S"]
[Result "1/2-1/2"]
[WhiteElo "2074"]
[BlackElo "2104"]
[PlyCount "25"]
[EventDate "2001.11.25"]
[SourceDate "2001.01.01"]

1. d4 d5 2. Nf3 Nf6 3. Bf4 c5 4. c3 cxd4 5. cxd4 Nc6 6. e3 e6 7. Nc3 Be7 8. h3
O-O 9. Bd3 Bd7 10. O-O Qa5 11. a3 Rfc8 12. Qb3 Qd8 13. Ne5 1/2-1/2

[Event "4NCL/Div1/WGR1 vs. SLO1"]
[Site "Birmingham ENG"]
[Date "2001.11.25"]
[Round "4.2"]
[White "Spraggett, Kevin"]
[Black "Turner, Matthew J"]
[Result "1/2-1/2"]
[WhiteElo "2541"]
[BlackElo "2502"]
[PlyCount "41"]
[EventDate "2001.11.25"]
[SourceDate "2001.01.01"]

1. e4 e5 2. Nf3 Nc6 3. Bb5 a6 4. Ba4 Nf6 5. O-O b5 6. Bb3 Bc5 7. a4 Rb8 8. c3
d6 9. d4 Bb6 10. Na3 Bg4 11. axb5 axb5 12. Nxb5 O-O 13. Re1 exd4 {(=)} 14. cxd4
Re8 15. Bg5 h6 16. Bh4 g5 17. Bg3 Ba5 18. Nc3 Bxc3 19. bxc3 Rxe4 20. Qc2 Qe8
21. Rxe4 1/2-1/2

[Event "4NCL/Div1/WGR1 vs. SLO1"]
[Site "Birmingham ENG"]
[Date "2001.11.25"]
[Round "4.3"]
[White "Ward, Christopher"]
[Black "Wohl, Aleksandar H"]
[Result "0-1"]
[WhiteElo "2486"]
[BlackElo "2379"]
[PlyCount "239"]
[EventDate "2001.11.25"]
[SourceDate "2001.01.01"]

1. d4 a6 2. e4 b5 3. Nf3 Bb7 4. Bd3 Nf6 5. Qe2 e6 6. c3 c5 7. Nbd2 cxd4 8. cxd4
Nc6 9. O-O Qb6 10. Nb3 Rc8 11. a3 Be7 12. Be3 d5 13. e5 Nd7 14. Rac1 O-O 15.
Bg5 Qd8 16. h4 h6 17. Bxe7 Qxe7 18. Bb1 Rfd8 19. Qd3 Nf8 20. Nc5 Nb8 21. Rc3
Bc6 22. Rfc1 b4 23. axb4 Bb5 24. Qd2 Rc6 25. Bd3 Bxd3 26. Rxd3 Rb6 27. Ra3 Ng6
28. g3 Qe8 29. Ra5 Ne7 30. Rca1 Nbc6 31. R5a4 Ra8 32. Ne1 Nf5 33. Nc2 a5 34. b3
Rb5 35. bxa5 Nxe5 36. dxe5 Rxc5 37. Nd4 Nxd4 38. Qxd4 Qb5 39. Rb4 Qc6 40. Rb6
Qc7 41. Qb4 d4 42. a6 Qxe5 43. Rd1 Ra5 44. Qc4 Rd8 45. Qd3 Qc5 46. Rb7 Qc6 47.
Rb4 e5 48. Ra4 Rxa4 49. bxa4 Qxa4 50. Rb1 e4 51. Qb5 Qxb5 52. Rxb5 d3 53. Rb1
Ra8 54. Ra1 d2 55. Rd1 Rxa6 56. Rxd2 g6 57. Rd4 Re6 58. Kf1 Kg7 59. Ke2 f5 60.
Ke3 Kf6 61. f3 exf3+ 62. Kxf3 g5 63. hxg5+ hxg5 64. Rd8 Ra6 65. Rd3 Ra2 66. g4
f4 67. Rd6+ Ke5 68. Rg6 Ra3+ 69. Kf2 Rc3 70. Rg8 Rc6 71. Kf3 Rc3+ 72. Kf2 Ke4
73. Re8+ Kd4 74. Rd8+ Ke5 75. Rf8 Rc5 76. Kf3 Kd4 77. Rd8+ Rd5 78. Rg8 Re5 79.
Rd8+ Kc4 80. Rg8 Kc5 81. Rg6 Kd5 82. Rg8 Ke6 83. Kf2 Kf7 84. Ra8 Re3 85. Ra5
Kf6 86. Ra6+ Re6 87. Ra5 Rb6 88. Ra3 Rc6 89. Kf3 Rc5 90. Ke4 Re5+ 91. Kf3 Ke6
92. Ra6+ Kd5 93. Rg6 Kd4 94. Rg8 Kc3 95. Kf2 Kd3 96. Kf3 Kd2 97. Kf2 Rd5 98.
Rg7 Kd1 99. Rg8 Kc2 100. Rg7 Kd3 101. Kf3 Kd4 102. Rg8 Rc5 103. Rd8+ Ke5 104.
Rd3 Rc1 105. Ra3 Rg1 106. Ra5+ Kf6 107. Ke4 Rxg4 108. Ra6+ Ke7 109. Ke5 Kd7
110. Kd5 Kc7 111. Ke4 Rg3 112. Kf5 f3 113. Ra1 Kd6 114. Ke4 g4 115. Ra6+ Kc5
116. Rf6 Rg2 117. Kd3 Kd5 118. Ra6 Ke5 119. Ke3 Re2+ 120. Kd3 0-1

[Event "4NCL/Div1/WGR1 vs. SLO1"]
[Site "Birmingham ENG"]
[Date "2001.11.25"]
[Round "4.4"]
[White "Howell, David W.L"]
[Black "Emms, John M"]
[Result "0-1"]
[WhiteElo "2247"]
[BlackElo "2537"]
[PlyCount "52"]
[EventDate "2001.11.25"]
[SourceDate "2001.01.01"]

1. e4 c5 2. Nf3 Nc6 3. Bb5 g6 4. Bxc6 bxc6 5. O-O Bg7 6. d4 cxd4 7. Nxd4 Qc7 8.
Re1 d6 9. Nc3 Nf6 10. Bg5 O-O 11. Qd2 Re8 12. Rad1 Rb8 13. b3 Bb7 14. f4 Rbd8
15. h3 h6 16. Bh4 e5 17. Nf3 exf4 18. Bf2 c5 19. Qxf4 g5 20. Qf5 Bc8 21. Nd5
Bxf5 22. Nxc7 Rxe4 23. Bxc5 Rxe1+ 24. Nxe1 Rd7 25. Bxd6 Bf8 26. Nb5 a6 0-1

[Event "4NCL/Div1/WGR1 vs. SLO1"]
[Site "Birmingham ENG"]
[Date "2001.11.25"]
[Round "4.5"]
[White "Hunt, Harriet"]
[Black "Thiruchelvam, Murugan"]
[Result "1-0"]
[WhiteElo "2406"]
[BlackElo "2269"]
[PlyCount "81"]
[EventDate "2001.11.25"]
[SourceDate "2001.01.01"]

1. e4 c6 2. d4 d5 3. e5 Bf5 4. Nf3 e6 5. Be2 Nd7 6. O-O h6 7. b3 Ne7 8. c4 g5
9. Na3 Bg7 10. Nc2 O-O 11. Ne3 Bg6 12. h4 gxh4 13. Nxh4 dxc4 14. Nxc4 Nb6 15.
Ba3 Nxc4 16. bxc4 Re8 17. Nxg6 fxg6 18. Qd3 Nf5 19. Rad1 Qd7 20. g4 Nh4 21. f4
Bf8 22. Bc1 Qh7 23. Rf2 Be7 24. Be3 Rad8 25. Qe4 Qf7 26. Rh2 Rf8 27. Rf1 Qh7
28. Bd1 Kh8 29. Bc2 Qg8 30. Bd3 Rd7 31. c5 Bd8 32. Qh1 g5 33. f5 exf5 34. gxf5
Bc7 35. Qe4 Rfd8 36. Kh1 Qd5 37. Rxh4 gxh4 38. e6 Rg7 39. f6 Rg3 40. Rf3 Rxf3
41. Qh7# 1-0